00470 2200169 4500001002100000008004100021035002000062245007700082100001800159260003000177300001300207020002200220084001600242082001000258650001300268990001900281INLIS000000000003265 ind  a0010-0724003265 aMicrosoft AccessbSeri Refrensi dan Aplikasi TIK untuk SMPcRahmat Putra aPutra, Rahmat aJakarta :bErlanggac2009 a124 hlm. a978-979-075-015-9 a005.5 RAH m a005.5 aKomputer aP29/CP/24/3265